000
00325nam a2200145Ia 4500
008
150301s2015 xx 000 0 und d
082
_a
615.321
_b
P15K
100
_a
KUMAR, N
245
2
_a
A TB OF PHARMACOGNOSY
250
_a
1ST
260
_b
AITBS DELHI
300
_a
407
650
_a
PHARMACEUTICS
942
_2
ddc
_c
BK
_0
46
999
_c
7285
_d
7285